[Event "Klatovy"]
[Site "?"]
[Date "2007.??.??"]
[Round "?"]
[White "Sott, P."]
[Black "Vlcek, M."]
[Result "1-0"]
[WhiteElo "2115"]
[BlackElo "1890"]
[PlyCount "83"]
[EventDate "2007.??.??"]

1. e4 e5 2. Nf3 Nc6 3. Bb5 a6 4. Ba4 Nf6 5. O-O d6 6. Bxc6+ bxc6 7. d4 exd4 8.
Qxd4 d5 9. exd5 cxd5 10. Re1+ Be7 11. Qe5 c5 12. Nc3 Ra7 13. Bg5 O-O 14. Bxf6
Bxf6 15. Qxd5 Qxd5 16. Nxd5 Bxb2 17. Rab1 Be6 18. Nf4 Bc3 19. Nxe6 fxe6 20.
Rxe6 Rd8 21. h3 Ba5 22. Rc6 Rd5 23. Rb8+ Kf7 24. Rbc8 Bb4 25. c3 Bxc3 26. Rxc5
Rd1+ 27. Kh2 Bf6 28. g3 a5 29. a4 Rb1 30. Kg2 Rb4 31. Rc4 Rb2 32. R8c5 Be7 33.
Rc6 Bf6 34. Nd4 Rd7 35. Nf3 Rd3 36. R6c5 Ra3 37. Rf4 Raa2 38. Ng5+ Ke7 39. Rxa5
h6 40. Ra7+ Kd8 41. Ne4 Be7 42. Rf7 1-0

[Event "Klatovy"]
[Site "?"]
[Date "2007.??.??"]
[Round "?"]
[White "Pospisil, J."]
[Black "Ondrejat, M."]
[Result "1-0"]
[WhiteElo "1970"]
[BlackElo "2110"]
[PlyCount "77"]
[EventDate "2007.??.??"]

1. e4 c5 2. Nf3 d6 3. d4 cxd4 4. Nxd4 Nf6 5. Nc3 a6 6. Bg5 e6 7. f4 Nbd7 8. Qf3
Qc7 9. O-O-O b5 10. Bd3 Bb7 11. g4 b4 12. Nce2 Rc8 13. Kb1 Nc5 14. Bxf6 gxf6
15. Ng3 f5 16. gxf5 Bg7 17. Nb3 Na4 18. fxe6 Bxb2 19. exf7+ Kf8 20. Ne2 Qxf7
21. Qe3 Qg7 22. Nbd4 Bxd4 23. Nxd4 Nc3+ 24. Kc1 Qf7 25. f5 Nxd1 26. Rxd1 Qf6
27. Kb1 Kf7 28. Ne6 Qc3 29. Qb6 Qc6 30. Qd4 Rhg8 31. e5 dxe5 32. Qh4 Ke8 33.
Qh5+ Ke7 34. Qxh7+ Kf6 35. Qh4+ Kf7 36. Bc4 Ke8 37. Rd8+ Rxd8 38. Qxd8+ Kf7 39.
Ng5+ 1-0

[Event "Klatovy"]
[Site "?"]
[Date "2007.??.??"]
[Round "?"]
[White "Trmal, J."]
[Black "Novak, J."]
[Result "1-0"]
[WhiteElo "2320"]
[BlackElo "2000"]
[PlyCount "87"]
[EventDate "2007.??.??"]

1. d4 Nf6 2. Nf3 d5 3. c4 c6 4. e3 Bf5 5. Nc3 e6 6. Qb3 Qb6 7. c5 Qc7 8. Nh4
Bg6 9. Nxg6 hxg6 10. g3 Nbd7 11. Bg2 e5 12. Bd2 Be7 13. Qc2 e4 14. b4 a6 15. a4
Nh7 16. Ke2 f5 17. b5 Kf7 18. bxc6 bxc6 19. Rab1 Rhb8 20. Rxb8 Rxb8 21. Rb1 Bd8
22. Rb3 Nhf6 23. Na2 Rxb3 24. Qxb3 Qb8 25. Qxb8 Nxb8 26. h3 Ke6 27. Bf1 Kd7 28.
f4 exf3+ 29. Kxf3 Ne4 30. Be1 Kc8 31. g4 Bc7 32. h4 Nf6 33. gxf5 gxf5 34. Bg3
Bxg3 35. Kxg3 Ne4+ 36. Kf4 g6 37. Bd3 Nf2 38. Bc2 Ng4 39. Bd1 Kd7 40. Bxg4 fxg4
41. Kxg4 Ke6 42. a5 Kf6 43. Nb4 Kf7 44. Nd3 1-0

[Event "Klatovy"]
[Site "?"]
[Date "2007.??.??"]
[Round "?"]
[White "Rmoutil, M."]
[Black "Kaderabek, J."]
[Result "0-1"]
[WhiteElo "2005"]
[BlackElo "2185"]
[PlyCount "52"]
[EventDate "2007.??.??"]

1. d4 d5 2. c4 c6 3. Nc3 Nf6 4. Nf3 a6 5. cxd5 cxd5 6. Bf4 e6 7. e3 Be7 8. Bd3
O-O 9. O-O b5 10. a3 Bb7 11. h3 Nbd7 12. Rc1 Rc8 13. Ne5 Nb6 14. Qe2 Nc4 15. a4
Qb6 16. b3 Nxe5 17. dxe5 Ne4 18. Bxe4 dxe4 19. axb5 Bb4 20. Na2 Ba3 21. Rcd1
axb5 22. b4 Bd5 23. Qg4 Qc7 24. Bh6 Qxe5 25. Bf4 Qf6 26. Qe2 Bc4 0-1

[Event "Klatovy"]
[Site "?"]
[Date "2007.??.??"]
[Round "?"]
[White "Grill, R."]
[Black "Hacaperkova, L."]
[Result "1/2-1/2"]
[WhiteElo "2110"]
[BlackElo "1965"]
[PlyCount "44"]
[EventDate "2007.??.??"]

1. e4 e5 2. Nf3 Nc6 3. Bb5 Bc5 4. c3 Nf6 5. d4 Bb6 6. Qe2 exd4 7. e5 Nd5 8. Qe4
Nde7 9. O-O d5 10. exd6 Qxd6 11. Nxd4 Bxd4 12. cxd4 O-O 13. Nc3 Qxd4 14. Bf4
Qxe4 15. Nxe4 Nd5 16. Bg3 Nd4 17. Bc4 Nb6 18. Bd3 Nd5 19. Rad1 Ne6 20. Rfe1 Bd7
21. Bc4 Nb6 22. Bxe6 Bxe6 1/2-1/2

[Event "Klatovy"]
[Site "?"]
[Date "2007.??.??"]
[Round "?"]
[White "Hruska, O."]
[Black "Krejci, J."]
[Result "0-1"]
[WhiteElo "1880"]
[BlackElo "2100"]
[PlyCount "72"]
[EventDate "2007.??.??"]

1. d4 Nf6 2. c4 c5 3. d5 e6 4. Nc3 exd5 5. cxd5 d6 6. e4 g6 7. h3 Bg7 8. Nf3
O-O 9. Bf4 Nxe4 10. Qb3 Nxc3 11. bxc3 Qf6 12. Bd2 Re8+ 13. Be2 b6 14. Rc1 h6
15. Kf1 Bf5 16. Bb5 Re7 17. Be3 Nd7 18. Qa4 Ne5 19. Qh4 Nxf3 20. Qxf6 Bxf6 21.
gxf3 Kg7 22. Kg2 a6 23. Bc6 Rb8 24. Rhe1 g5 25. Bd2 Rxe1 26. Rxe1 Be5 27. f4
gxf4 28. Kf3 b5 29. Bxf4 Bxf4 30. Kxf4 Kf6 31. h4 b4 32. c4 Rg8 33. f3 Bd3 34.
Rc1 Rg2 35. Ke3 Bf5 36. Ra1 Rc2 0-1

[Event "Klatovy"]
[Site "?"]
[Date "2007.??.??"]
[Round "?"]
[White "Cmiko, J."]
[Black "Kubik, J."]
[Result "1-0"]
[WhiteElo "2100"]
[BlackElo "1960"]
[PlyCount "121"]
[EventDate "2007.??.??"]

1. e4 d6 2. d4 Nf6 3. Nc3 g6 4. Nf3 Bg7 5. Be2 O-O 6. O-O c6 7. a4 Nbd7 8. e5
dxe5 9. dxe5 Ng4 10. e6 Nde5 11. Ng5 f5 12. Qxd8 Rxd8 13. f4 h6 14. Nh3 Bxe6
15. fxe5 Bxe5 16. Bxg4 fxg4 17. Nf4 Bd4+ 18. Kh1 Rf8 19. Bd2 Bc4 20. Nd3 g5 21.
b3 Bxd3 22. cxd3 Rad8 23. Rxf8+ Rxf8 24. Rd1 Rf2 25. Ne4 Rf5 26. g3 b5 27. Kg2
bxa4 28. bxa4 Rf3 29. Bc3 Bb6 30. a5 Bc7 31. Bd4 Bxa5 32. Bxa7 Bc7 33. Bc5 e6
34. Rf1 Rxd3 35. Rf8+ Kg7 36. Re8 Bd8 37. Rxe6 h5 38. Rxc6 h4 39. Rd6 Rxd6 40.
Bxd6 Kg6 41. Kf2 Kf5 42. Ke3 Bb6+ 43. Bc5 Bc7 44. Be7 Bb6+ 45. Bc5 Bc7 46. Kd4
hxg3 47. hxg3 Be5+ 48. Kd5 Bc7 49. Nd6+ Kg6 50. Ke6 Ba5 51. Bf2 Bc7 52. Nf7 Bb8
53. Ne5+ Kh5 54. Kf5 Bc7 55. Nd7 Bd6 56. Nf6+ Kh6 57. Nxg4+ Kh5 58. Ne5 Bc7 59.
g4+ Kh6 60. Nf7+ Kg7 61. Nxg5 1-0

[Event "Klatovy"]
[Site "?"]
[Date "2007.??.??"]
[Round "?"]
[White "Cvikl, M."]
[Black "Hadrava, J."]
[Result "0-1"]
[WhiteElo "2085"]
[BlackElo "1870"]
[PlyCount "92"]
[EventDate "2007.??.??"]

1. e4 d5 2. exd5 Qxd5 3. Nc3 Qd6 4. g3 Nf6 5. Bg2 a6 6. Nge2 Nc6 7. O-O Bf5 8.
b3 e6 9. a4 Qd7 10. Bb2 Be7 11. d3 O-O 12. Qd2 Rad8 13. Rad1 Bc5 14. Qg5 h6 15.
Qc1 Nd4 16. Nf4 e5 17. Nfe2 Bg4 18. Rde1 Nf3+ 19. Kh1 Nxe1 20. Qxe1 Bh3 21. f3
Bxg2+ 22. Kxg2 Qc6 23. Nd1 Rfe8 24. Nec3 Bd4 25. Qe2 Ng4 26. Qe4 Qxe4 27. fxe4
Ne3+ 28. Nxe3 Bxe3 29. Nd5 Bb6 30. Bc1 Rd7 31. Rf3 Ba7 32. g4 c6 33. Nc3 Re6
34. Ne2 Bb6 35. Ng3 Bd8 36. Bb2 b5 37. axb5 axb5 38. Ba3 Be7 39. Bxe7 Rdxe7 40.
Nf5 Ra7 41. Rf2 Ra2 42. h4 f6 43. Kg3 c5 44. Ne3 Ra1 45. g5 fxg5 46. hxg5 Rg6
0-1

[Event "Klatovy"]
[Site "?"]
[Date "2007.??.??"]
[Round "?"]
[White "Pokora, L."]
[Black "Framberk, J."]
[Result "0-1"]
[WhiteElo "1995"]
[BlackElo "2075"]
[PlyCount "62"]
[EventDate "2007.??.??"]

1. e4 c5 2. Nc3 Nc6 3. g3 g6 4. Bg2 Bg7 5. d3 d6 6. f4 e6 7. Nf3 Nge7 8. O-O
O-O 9. Be3 Nd4 10. e5 Nef5 11. Bf2 Nxf3+ 12. Qxf3 Nd4 13. Qd1 dxe5 14. fxe5
Bxe5 15. Ne4 f5 16. Nxc5 Qd6 17. Na4 f4 18. gxf4 Rxf4 19. c3 Nf5 20. d4 Rxf2
21. Rxf2 Bxh2+ 22. Kh1 Bf4 23. Bh3 Bd7 24. Nc5 Bc6+ 25. Kg1 Be3 26. Qg4 Bxf2+
27. Kxf2 Rf8 28. Ke2 Qh2+ 29. Kd3 Qf2 30. a4 Qe3+ 31. Kc4 Bf3 0-1

[Event "Klatovy"]
[Site "?"]
[Date "2007.??.??"]
[Round "?"]
[White "Kracik, D."]
[Black "Grabarczyk, S."]
[Result "1/2-1/2"]
[WhiteElo "2050"]
[BlackElo "1860"]
[PlyCount "21"]
[EventDate "2007.??.??"]

1. e4 c6 2. Nf3 d5 3. Nc3 Bg4 4. d4 e6 5. e5 Qb6 6. h3 Bh5 7. g4 Bg6 8. h4 h5
9. Bd3 Bxd3 10. Qxd3 Na6 11. g5 1/2-1/2

[Event "Klatovy"]
[Site "?"]
[Date "2007.??.??"]
[Round "?"]
[White "Boleslav, P."]
[Black "Huttner, M."]
[Result "0-1"]
[WhiteElo "2105"]
[BlackElo "1980"]
[PlyCount "66"]
[EventDate "2007.??.??"]

1. e4 e5 2. Nf3 Nc6 3. Bb5 a6 4. Bxc6 dxc6 5. O-O Bg4 6. h3 h5 7. d3 Qf6 8. Be3
c5 9. Nbd2 Bd7 10. Qe2 g5 11. Bxg5 Qg7 12. Kh1 Ne7 13. Be3 Ng6 14. c3 Bg4 15.
Rg1 O-O-O 16. Qf1 Be7 17. a3 Rdg8 18. b4 Nh4 19. Nxh4 Bxh4 20. bxc5 f5 21. exf5
Bxf5 22. c6 Qg6 23. cxb7+ Kb8 24. Ne4 Rh7 25. f3 Rhg7 26. g4 hxg4 27. hxg4 Rh8
28. Qh3 Bxe4 29. fxe4 Rgh7 30. Ba7+ Kxa7 31. b8=Q+ Rxb8 32. Qe3+ Ka8 33. Kg2
Rb2+ 0-1

[Event "Klatovy"]
[Site "?"]
[Date "2007.??.??"]
[Round "?"]
[White "Jakl, A."]
[Black "Vevera, R."]
[Result "0-1"]
[WhiteElo "1965"]
[BlackElo "2080"]
[PlyCount "88"]
[EventDate "2007.??.??"]

1. e4 c6 2. d4 d5 3. exd5 cxd5 4. Bd3 Nc6 5. c3 Nf6 6. Bf4 Bg4 7. f3 Bh5 8. Ne2
e6 9. O-O Bd6 10. Bxd6 Qxd6 11. Ng3 Bg6 12. Re1 O-O 13. Bxg6 hxg6 14. Na3 a6
15. Qd2 b5 16. Nc2 a5 17. Ne2 Rfc8 18. Ne3 Ra7 19. Red1 Rac7 20. b3 Na7 21. a4
bxa4 22. Rxa4 Qb6 23. b4 Nc6 24. bxa5 Nxa5 25. Rb4 Qd6 26. Rb5 Nc4 27. Nxc4
Rxc4 28. Rdb1 R4c7 29. Qe3 Qd8 30. Qg5 Ne8 31. Qxd8 Rxd8 32. Rb8 Rdc8 33. Kf2
Nd6 34. Ke3 Kf8 35. R8b3 Ke7 36. h3 Ra8 37. Nc1 Kf6 38. Kf2 Rca7 39. g4 g5 40.
Nd3 Nc4 41. Rb7 Ra2+ 42. Kg3 Re2 43. Ne1 Raa2 44. Rb8 Nd2 0-1

[Event "Klatovy"]
[Site "?"]
[Date "2007.??.??"]
[Round "?"]
[White "Paldus, P."]
[Black "Hlavnicka, J."]
[Result "1-0"]
[WhiteElo "2045"]
[BlackElo "1995"]
[PlyCount "85"]
[EventDate "2007.??.??"]

1. e4 d6 2. d4 Nf6 3. Nc3 g6 4. Bg5 Bg7 5. e5 dxe5 6. dxe5 Qxd1+ 7. Rxd1 Nfd7
8. f4 c6 9. Bc4 Nb6 10. Bb3 Na6 11. Nf3 Nc5 12. O-O Nxb3 13. axb3 Bg4 14. h3
Bxf3 15. Rxf3 f6 16. exf6 exf6 17. Bh4 O-O 18. f5 Rae8 19. g4 Rf7 20. Bf2 Nc8
21. Rfd3 Rfe7 22. Rd7 Nb6 23. Rxe7 Rxe7 24. Bc5 Rd7 25. Rxd7 Nxd7 26. Bxa7 Kf7
27. Ne4 Ke7 28. Nc5 Nxc5 29. Bxc5+ Kd7 30. Kf2 Kc7 31. Bd4 g5 32. Kf3 Kd6 33.
Ke4 Bh8 34. b4 Bg7 35. b3 Kd7 36. Kd3 Kd6 37. Kc4 b5+ 38. Kd3 Kd5 39. c4+ Kd6
40. Bc5+ Kd7 41. Ke4 Kc7 42. cxb5 cxb5 43. Kd5 1-0

[Event "Klatovy"]
[Site "?"]
[Date "2007.??.??"]
[Round "?"]
[White "Hruska, J."]
[Black "Danek, V."]
[Result "0-1"]
[WhiteElo "1850"]
[BlackElo "2020"]
[PlyCount "70"]
[EventDate "2007.??.??"]

1. d4 c5 2. d5 e5 3. e4 d6 4. Nc3 Nf6 5. Nf3 Be7 6. Be2 O-O 7. h3 b6 8. Be3 Na6
9. O-O Nc7 10. a4 a6 11. Nd2 Bd7 12. f4 exf4 13. Bxf4 b5 14. axb5 axb5 15. b3
Nfe8 16. Bf3 Bf6 17. Rxa8 Nxa8 18. Ne2 Nac7 19. c4 b4 20. Nc1 Bd4+ 21. Kh1 g6
22. Nd3 Qe7 23. Qe1 f6 24. Bd1 Bc3 25. Qe2 Ng7 26. Nxc5 dxc5 27. Bxc7 Bxh3 28.
gxh3 Qxc7 29. Nb1 Nh5 30. Qd3 Ng3+ 31. Kg2 Nxf1 32. Nxc3 bxc3 33. Kxf1 Qe5 34.
d6 Rd8 35. d7 Qd4 0-1

[Event "Klatovy"]
[Site "?"]
[Date "2007.??.??"]
[Round "?"]
[White "Rakous, P."]
[Black "Skopec, L."]
[Result "1-0"]
[WhiteElo "2010"]
[BlackElo "1850"]
[PlyCount "95"]
[EventDate "2007.??.??"]

1. d3 Nf6 2. c3 d5 3. Nf3 c5 4. g3 Nc6 5. Bg2 Bg4 6. O-O e6 7. a4 Bd6 8. Re1 d4
9. a5 Rc8 10. Ra4 e5 11. Na3 O-O 12. Nc4 Bb8 13. Bg5 h6 14. Bd2 Re8 15. Qa1 Qd7
16. b4 e4 17. dxe4 Nxe4 18. b5 dxc3 19. bxc6 Qxc6 20. Be3 Bd7 21. Ra3 Qb5 22.
Rxc3 Nxc3 23. Qxc3 Qb4 24. Qc1 b5 25. axb6 axb6 26. Bd2 Qb3 27. Ne3 b5 28. Qa1
Bd6 29. Nh4 Be5 30. Qc1 Bc6 31. Ng4 Bb2 32. Qb1 Bxg2 33. Kxg2 Rc6 34. Bc1 Qd5+
35. e4 Qe6 36. Nxh6+ gxh6 37. Bxb2 c4 38. Bc3 Rb8 39. Qb4 Ra6 40. Qc5 Rd6 41.
Nf5 Rd3 42. Be5 Qb6 43. Ne7+ Kh7 44. Qb4 Rb3 45. Qd2 Qd8 46. Nd5 Rb7 47. Nf6+
Kg6 48. Qxd8 1-0

[Event "Klatovy"]
[Site "?"]
[Date "2007.??.??"]
[Round "?"]
[White "Kovar, P."]
[Black "Cekan, P."]
[Result "1-0"]
[WhiteElo "2005"]
[BlackElo "1970"]
[PlyCount "91"]
[EventDate "2007.??.??"]

1. c4 c5 2. Nf3 d5 3. cxd5 Qxd5 4. Nc3 Qd8 5. d4 Nf6 6. Bf4 Nd5 7. Nxd5 Qxd5 8.
dxc5 Qxc5 9. Rc1 Qa5+ 10. Bd2 Qd8 11. e4 Nc6 12. Bb5 Bd7 13. O-O e6 14. Bc3 f6
15. Qb3 Qb6 16. Rfd1 Bc5 17. Rd2 Ke7 18. Qc4 e5 19. b4 Bd4 20. Bxd4 exd4 21.
Nxd4 Nxd4 22. Bxd7 Kxd7 23. Rxd4+ Ke7 24. Qc7+ Qxc7 25. Rxc7+ Ke6 26. Rdd7 Rac8
27. f3 Rhd8 28. Re7+ Kd6 29. Rxc8 Rxc8 30. Rxb7 Rc1+ 31. Kf2 Rc2+ 32. Kg3 Rxa2
33. Rxg7 h5 34. h4 a6 35. Rh7 Rb2 36. Rxh5 Rxb4 37. Ra5 Rb6 38. Kf4 Ke6 39. h5
Kf7 40. g4 Kg7 41. Kf5 Rb4 42. f4 Rb5+ 43. Rxb5 axb5 44. e5 b4 45. exf6+ Kf7
46. Ke4 1-0

[Event "Klatovy"]
[Site "?"]
[Date "2007.??.??"]
[Round "?"]
[White "Cecil, P."]
[Black "Straka, V."]
[Result "1-0"]
[WhiteElo "2040"]
[BlackElo "1930"]
[PlyCount "141"]
[EventDate "2007.??.??"]

1. d4 d5 2. Nf3 Nf6 3. c4 c6 4. Nc3 dxc4 5. a4 Bf5 6. Nh4 Bg6 7. Nxg6 hxg6 8.
e3 e6 9. Bxc4 Nbd7 10. a5 Qc7 11. f4 Nd5 12. O-O N7f6 13. Bd2 Be7 14. Qf3 O-O
15. e4 Nxc3 16. bxc3 Rfd8 17. g4 c5 18. g5 cxd4 19. gxf6 Bxf6 20. e5 Be7 21.
Be2 Bc5 22. Kg2 d3 23. Bd1 b6 24. axb6 Bxb6 25. Re1 Ba5 26. Re4 Rac8 27. Rea4
Bb6 28. Bb3 Qd7 29. Rc4 Qb5 30. Rxc8 Rxc8 31. Rb1 Qd7 32. Qe4 Rd8 33. Be3 Bxe3
34. Qxe3 Qc6+ 35. Kf2 Qxc3 36. Bd1 a5 37. Rb3 Qc4 38. Qd2 a4 39. Qb4 Qa6 40.
Rc3 Qa7+ 41. Qc5 Qb7 42. Qc7 Qb2+ 43. Kg3 Rf8 44. Rxd3 a3 45. Qa5 a2 46. Ra3
Rc8 47. Rxa2 Rc3+ 48. Bf3 Qc1 49. Qd8+ Kh7 50. Qh4+ Kg8 51. Ra8+ Rc8 52. Rxc8+
Qxc8 53. Qe7 Qf8 54. Qxf8+ Kxf8 55. h4 f6 56. Kg4 Ke7 57. Bc6 Kf7 58. Bb5 Ke7
59. Bd3 Kf7 60. Bc2 fxe5 61. fxe5 Kg8 62. Bxg6 Kf8 63. Be4 Kf7 64. Kg5 Kf8 65.
Kg6 Kg8 66. Bb7 Kf8 67. Bc8 Kg8 68. Bxe6+ Kh8 69. Bd7 Kg8 70. e6 Kf8 71. Kh7
1-0

[Event "Klatovy"]
[Site "?"]
[Date "2007.??.??"]
[Round "?"]
[White "Sibl, V."]
[Black "Pravdik, K."]
[Result "0-1"]
[WhiteElo "1900"]
[BlackElo "2015"]
[PlyCount "112"]
[EventDate "2007.??.??"]

1. e4 c5 2. d3 e6 3. g3 b5 4. Bg2 Bb7 5. Nd2 Be7 6. Ngf3 d6 7. O-O Nf6 8. Re1
O-O 9. c3 Qb6 10. Qc2 Nc6 11. Nf1 Rac8 12. h3 a5 13. a3 d5 14. e5 Nd7 15. Bf4
b4 16. Rab1 Qc7 17. axb4 axb4 18. N1h2 Ra8 19. Bf1 Ra2 20. cxb4 Nxb4 21. Qc3
Rc8 22. Rec1 Qa5 23. Qe1 Ba6 24. Qd1 Rb8 25. Bd2 Qa4 26. Qxa4 Rxa4 27. Ra1 Rxa1
28. Rxa1 Bb5 29. Bxb4 cxb4 30. d4 Kf8 31. Bxb5 Rxb5 32. Ra8+ Rb8 33. Rxb8+ Nxb8
34. b3 Nc6 35. Nf1 f6 36. Ne3 fxe5 37. dxe5 Bc5 38. Kf1 Na5 39. Nd2 Bd4 40. Nc2
Bxe5 41. Nf3 Bc3 42. Ng5 Ke7 43. Ke2 h6 44. Nf3 Nxb3 45. Kd1 Kd6 46. Ne3 Nd4
47. Nd2 Nf5 48. Nxf5+ exf5 49. Nb3 Ke5 50. f3 g5 51. Ke2 h5 52. Nc5 Kd4 53.
Ne6+ Kc4 54. Nxg5 b3 55. Kd1 b2 56. Kc2 d4 0-1

[Event "Klatovy"]
[Site "?"]
[Date "2007.??.??"]
[Round "?"]
[White "Peniska, P."]
[Black "Nguyen, D."]
[Result "1/2-1/2"]
[WhiteElo "2015"]
[BlackElo "1820"]
[PlyCount "71"]
[EventDate "2007.??.??"]

1. d4 Nf6 2. c4 g6 3. Nc3 Bg7 4. e4 d6 5. f3 O-O 6. Be3 e5 7. d5 Nh5 8. g4 Nf4
9. Nge2 f5 10. gxf5 gxf5 11. Qd2 Qh4+ 12. Bf2 Qh5 13. Nxf4 exf4 14. O-O-O fxe4
15. Nxe4 Nd7 16. Be2 Ne5 17. Rhg1 Qe8 18. Rxg7+ Kxg7 19. Rg1+ Kh8 20. Bh4 Ng6
21. Qd4+ Qe5 22. Bf6+ Rxf6 23. Qxe5 dxe5 24. Nxf6 Bf5 25. Kd2 Rf8 26. Ng4 Re8
27. Bd3 Nh4 28. Be2 Rg8 29. Rf1 Nxf3+ 30. Bxf3 Bxg4 31. Be4 b6 32. Kc3 a5 33.
a3 Bd7 34. b4 axb4+ 35. axb4 h5 36. c5 1/2-1/2

[Event "Klatovy"]
[Site "?"]
[Date "2007.??.??"]
[Round "?"]
[White "Muhlbauer, H."]
[Black "Jenc, M."]
[Result "1-0"]
[WhiteElo "1785"]
[BlackElo "1965"]
[PlyCount "41"]
[EventDate "2007.??.??"]

1. d4 Nf6 2. Nf3 e6 3. a3 c5 4. e3 d5 5. c4 dxc4 6. Bxc4 cxd4 7. Qxd4 Qc7 8.
O-O Nc6 9. Qd1 Bd6 10. Nbd2 a6 11. b4 Ne5 12. Be2 O-O 13. Bb2 b5 14. Rc1 Qb8
15. h3 Bb7 16. Nd4 Rc8 17. N2f3 Nd5 18. Nxe5 Bxe5 19. Qd2 Nb6 20. Nb3 Be4 21.
Rxc8+ 1-0

[Event "Klatovy"]
[Site "?"]
[Date "2007.??.??"]
[Round "?"]
[White "Lexa, V."]
[Black "Rezac, J."]
[Result "0-1"]
[WhiteElo "1955"]
[BlackElo "1765"]
[PlyCount "92"]
[EventDate "2007.??.??"]

1. d4 d5 2. c4 c6 3. Nf3 Bf5 4. Nc3 Nf6 5. e3 e6 6. a3 Be7 7. Bd3 Bxd3 8. Qxd3
O-O 9. O-O Qc7 10. Bd2 Rd8 11. Rac1 Qd6 12. Rfd1 Nbd7 13. cxd5 exd5 14. Re1 Re8
15. e4 dxe4 16. Nxe4 Nxe4 17. Rxe4 Nf6 18. Re5 Qd7 19. Re2 Bd6 20. Rce1 Rxe2
21. Qxe2 Re8 22. Ne5 Qf5 23. f4 Nd5 24. Qf3 f6 25. g4 Qc2 26. Bc1 fxe5 27. dxe5
Bc5+ 28. Kh1 Qf2 29. Qe4 Be3 30. Rd1 Qxf4 31. Qxf4 Bxf4 32. Bxf4 Nxf4 33. Rd7
b6 34. Kg1 Rxe5 35. Kf2 a6 36. Kf3 Ng6 37. Rc7 Rd5 38. Ke4 Rd2 39. b4 Rc2 40.
Rb7 b5 41. Ra7 Rc4+ 42. Kf5 c5 43. Rxa6 cxb4 44. axb4 Rxb4 45. Ra8+ Kf7 46.
Ra7+ Ne7+ 0-1

[Event "Klatovy"]
[Site "?"]
[Date "2007.??.??"]
[Round "?"]
[White "Kubat, M."]
[Black "Travnik, P."]
[Result "1/2-1/2"]
[WhiteElo "1940"]
[BlackElo "1825"]
[PlyCount "48"]
[EventDate "2007.??.??"]

1. e4 c5 2. Nc3 d6 3. g3 Nc6 4. Bg2 g6 5. Nge2 e5 6. d3 Bg7 7. O-O Nge7 8. Bg5
h6 9. Be3 O-O 10. Qd2 Kh7 11. h3 h5 12. Kh2 Be6 13. Bg5 Qd7 14. Nd5 f6 15. Be3
Nd4 16. Nxe7 Qxe7 17. f3 Nxe2 18. Qxe2 Qf7 19. b3 f5 20. f4 exf4 21. Bxf4 Qd7
22. Rac1 Rae8 23. Qd2 b6 24. Rce1 d5 1/2-1/2

[Event "Klatovy"]
[Site "?"]
[Date "2007.??.??"]
[Round "?"]
[White "Skut, M."]
[Black "Hampel, R."]
[Result "1/2-1/2"]
[WhiteElo "1895"]
[BlackElo "1820"]
[PlyCount "51"]
[EventDate "2007.??.??"]

1. e4 c5 2. Nf3 d6 3. d4 cxd4 4. Nxd4 Nf6 5. Nc3 a6 6. Be3 e5 7. Nb3 Be7 8. f3
O-O 9. Qd2 b5 10. Nd5 Nc6 11. c4 Nxd5 12. exd5 Nb8 13. Na5 f5 14. Rc1 Bh4+ 15.
g3 f4 16. Bxf4 Rxf4 17. gxh4 Qxh4+ 18. Qf2 Qd8 19. b4 Bg4 20. Be2 Nd7 21. Qg3
Bh5 22. Rg1 g6 23. Nc6 Qf6 24. Qh3 Qh4+ 25. Qxh4 Rxh4 26. Rg2 1/2-1/2

[Event "Klatovy"]
[Site "?"]
[Date "2007.??.??"]
[Round "?"]
[White "Schanilec, M."]
[Black "Vacek, M."]
[Result "1-0"]
[WhiteElo "1800"]
[BlackElo "1895"]
[PlyCount "71"]
[EventDate "2007.??.??"]

1. e4 e5 2. Nf3 Nc6 3. Bc4 Bc5 4. c3 Nf6 5. d4 exd4 6. e5 Ne4 7. Bd5 Nxf2 8.
Kxf2 dxc3+ 9. Kg3 cxb2 10. Bxb2 O-O 11. Re1 Ne7 12. Be4 d5 13. exd6 f5 14. Bd5+
Kh8 15. h3 Qxd6+ 16. Be5 Qxd5 17. Bxg7+ Kg8 18. Qxd5+ Nxd5 19. Bxf8 Kxf8 20.
Nbd2 b6 21. Ng5 Be3 22. Ngf3 Ba6 23. Nf1 Bf4+ 24. Kf2 Nc3 25. Nd4 Ne4+ 26. Rxe4
fxe4 27. Ne6+ Ke7 28. Nxf4 Kd6 29. Rd1+ Ke5 30. Ke3 Bc4 31. a3 c6 32. Ng3 Rf8
33. Nfe2 Rg8 34. Rd4 Bd5 35. Nxe4 c5 36. Rxd5+ 1-0

[Event "Klatovy"]
[Site "?"]
[Date "2007.??.??"]
[Round "?"]
[White "Kalivoda, L."]
[Black "Sterba, K."]
[Result "1/2-1/2"]
[WhiteElo "1865"]
[BlackElo "1805"]
[PlyCount "104"]
[EventDate "2007.??.??"]

1. e4 e5 2. Nf3 Nc6 3. Bb5 a6 4. Bxc6 dxc6 5. d4 exd4 6. Qxd4 Qxd4 7. Nxd4 c5
8. Ne2 Bd6 9. Be3 b6 10. Nbc3 Ne7 11. O-O-O Bb7 12. f3 O-O-O 13. g4 Rhe8 14.
Ng3 Bxg3 15. Rxd8+ Rxd8 16. hxg3 Rh8 17. Ne2 Ng6 18. Rh5 h6 19. Nf4 Nxf4 20.
Bxf4 Rd8 21. g5 hxg5 22. Bxg5 f6 23. Be3 Bc6 24. Rh7 Rd7 25. g4 Bb5 26. Rh2 Bc6
27. Bf4 Kb7 28. Rd2 Rf7 29. Rd8 g6 30. Bh6 f5 31. exf5 gxf5 32. g5 Rd7 33. Rxd7
Bxd7 34. Kd2 Kc6 35. Ke3 Kd5 36. Kf4 c4 37. Bg7 Ke6 38. g6 Bc6 39. Be5 b5 40.
Bd4 Bd5 41. a3 c5 42. g7 Kf7 43. Bxc5 Kxg7 44. Kxf5 Bxf3 45. Ke5 Bd1 46. c3 Kf7
47. Kd6 Ke8 48. Bb6 Ba4 49. Kc7 Ke7 50. Bd4 Ke6 51. Kb6 Kd6 52. Kxa6 Kc6
1/2-1/2

[Event "Klatovy"]
[Site "?"]
[Date "2007.??.??"]
[Round "?"]
[White "Sodoma, J."]
[Black "Vorisek, J."]
[Result "1/2-1/2"]
[WhiteElo "2315"]
[BlackElo "2265"]
[PlyCount "103"]
[EventDate "2007.??.??"]

1. e4 e5 2. Nf3 d5 3. exd5 Bd6 4. d4 e4 5. Ne5 Nf6 6. Bb5+ Kf8 7. Nc3 Qe7 8.
Bg5 a6 9. Ba4 b5 10. Bb3 b4 11. Ne2 Bb7 12. O-O h6 13. Bxf6 gxf6 14. f4 exf3
15. Nxf3 Qe3+ 16. Kh1 Nd7 17. Qd2 Re8 18. Rae1 Qxd2 19. Nxd2 Nb6 20. c4 bxc3
21. Nxc3 Rxe1 22. Rxe1 Bb4 23. Re3 Rg8 24. Nde4 Bxc3 25. Nxc3 Rg5 26. h3 Nxd5
27. Nxd5 Bxd5 28. Bxd5 Rxd5 29. Rc3 Rxd4 30. Rxc7 Rd2 31. Rb7 Kg7 32. Kh2 Kg6
33. Kg3 Kf5 34. Kf3 Kg5 35. Rb6 f5 36. g3 Rd3+ 37. Kf2 f4 38. gxf4+ Kxf4 39.
Rxh6 Rd2+ 40. Ke1 Rxb2 41. Rxa6 f5 42. Ra3 Ke4 43. h4 Rh2 44. Ra4+ Kf3 45. Ra5
Kg4 46. a4 Rxh4 47. Ra8 Rh2 48. a5 Ra2 49. a6 Kf3 50. a7 f4 51. Kd1 Kf2 52. Rf8
1/2-1/2

[Event "Klatovy"]
[Site "?"]
[Date "2007.??.??"]
[Round "?"]
[White "Jurek, J."]
[Black "Neuman, P."]
[Result "1/2-1/2"]
[WhiteElo "2380"]
[BlackElo "2410"]
[PlyCount "22"]
[EventDate "2007.??.??"]

1. Nf3 Nf6 2. c4 g6 3. d4 Bg7 4. g3 O-O 5. Bg2 c6 6. Nc3 d5 7. cxd5 cxd5 8. Ne5
e6 9. Bg5 Qb6 10. Qd2 Nc6 11. Nxc6 Qxc6 1/2-1/2

[Event "Klatovy"]
[Site "?"]
[Date "2007.??.??"]
[Round "?"]
[White "Stross, F."]
[Black "Cakl, Z."]
[Result "1-0"]
[WhiteElo "2315"]
[BlackElo "2130"]
[PlyCount "25"]
[EventDate "2007.??.??"]

1. d4 d5 2. c4 e6 3. Nc3 Nf6 4. cxd5 exd5 5. Bg5 Be7 6. e3 c6 7. Qc2 Nbd7 8.
Bd3 h6 9. Bh4 Nh5 10. Bxe7 Qxe7 11. Nge2 Qg5 12. Ng3 O-O 13. h4 1-0

[Event "Klatovy"]
[Site "?"]
[Date "2007.??.??"]
[Round "?"]
[White "Lacina, A."]
[Black "Vedral, O."]
[Result "1-0"]
[WhiteElo "2250"]
[BlackElo "2260"]
[PlyCount "52"]
[EventDate "2007.??.??"]

1. e4 c5 2. Nf3 Nc6 3. d4 cxd4 4. Nxd4 Nf6 5. Nc3 e5 6. Ndb5 d6 7. Bg5 a6 8.
Na3 Be6 9. Nc4 Rc8 10. Bxf6 gxf6 11. Ne3 Ne7 12. Bd3 Bg7 13. O-O Qd7 14. Qh5 b5
15. a4 Bc4 16. Rad1 Bxd3 17. Rxd3 b4 18. Ncd5 Nxd5 19. Nxd5 Rxc2 20. Rg3 Kf8
21. Ne3 Rxb2 22. Nf5 Rg8 23. Rxg7 Rxg7 24. Qh6 Qe6 25. Rc1 Rb3 26. Qxg7+ Ke8
1-0

[Event "Klatovy"]
[Site "?"]
[Date "2007.??.??"]
[Round "?"]
[White "Michalek, J."]
[Black "Havlik, J."]
[Result "1-0"]
[WhiteElo "2355"]
[BlackElo "2020"]
[PlyCount "57"]
[EventDate "2007.??.??"]

1. g3 Nf6 2. Bg2 c5 3. d3 Nc6 4. Nf3 d5 5. Nbd2 e6 6. O-O Be7 7. e4 O-O 8. Re1
b5 9. e5 Nd7 10. h4 a5 11. Nf1 Ba6 12. Bf4 b4 13. h5 a4 14. a3 bxa3 15. bxa3
Nd4 16. N1h2 Rb8 17. Nxd4 cxd4 18. Qg4 Kh8 19. h6 g6 20. Nf3 Qb6 21. Bg5 Bxg5
22. Qxg5 Qc5 23. Ra2 Rb7 24. Qf4 Qc3 25. Qxd4 Qxd4 26. Nxd4 Rfb8 27. f4 Rb1 28.
Ra1 R1b2 29. Nc6 1-0

[Event "Klatovy"]
[Site "?"]
[Date "2007.??.??"]
[Round "?"]
[White "Plat, V."]
[Black "Routner, J."]
[Result "1-0"]
[WhiteElo "2280"]
[BlackElo "2135"]
[PlyCount "61"]
[EventDate "2007.??.??"]

1. e4 c5 2. Nf3 e6 3. d4 cxd4 4. Nxd4 a6 5. Nc3 Qc7 6. g3 b5 7. Bg2 Bb7 8. O-O
Nf6 9. Re1 d6 10. Bg5 Be7 11. Bxf6 gxf6 12. Qh5 Qc4 13. Rad1 Nc6 14. Bf1 Qc5
15. Nxe6 Qxh5 16. Ng7+ Kf8 17. Nxh5 Ne5 18. Be2 Rc8 19. a3 Nc4 20. Bxc4 Rxc4
21. Nf4 f5 22. Nfd5 fxe4 23. Rxe4 Rxe4 24. Nxe4 f5 25. Nec3 Kf7 26. Nxe7 Kxe7
27. Ne2 Rc8 28. Nd4 Rc5 29. Re1+ Kf7 30. c3 a5 31. Nb3 1-0